|
|
|
|
| LEADER |
01193nam a22003137a 4500 |
| 001 |
37637 |
| 003 |
BD-DhAAL |
| 005 |
20220209120630.0 |
| 008 |
220209t1976 enk b 001 0 eng d |
| 999 |
|
|
|c 43468
|d 43468
|
| 010 |
|
|
|a 74013166
|
| 020 |
|
|
|a 0471834815
|
| 040 |
|
|
|a DLC
|c DLC
|d DLC
|d BD-DhAAL
|
| 050 |
0 |
0 |
|a LB1028
|b .S846
|
| 082 |
0 |
0 |
|a 371.102
|
| 245 |
1 |
0 |
|a Explorations in classroom observation /
|c edited by Michael Stubbs and Sara Delamont.
|
| 260 |
|
|
|a London,
|a New York :
|b Wiley,
|c c1976.
|
| 300 |
|
|
|a 221 pages ;
|c 24 cm.
|
| 504 |
|
|
|a Includes bibliographical references.
|
| 526 |
|
|
|a BIED
|
| 541 |
|
|
|a Complimentary copy from BIED
|e 37637
|
| 650 |
|
0 |
|a Education
|x Research.
|9 45608
|
| 650 |
|
0 |
|a Observation (Educational method).
|9 45609
|
| 650 |
|
0 |
|a Teacher-student relationships.
|9 45610
|
| 700 |
1 |
|
|a Stubbs, Michael,
|d 1947-
|9 45611
|
| 700 |
1 |
|
|a Delamont, Sara,
|d 1947-
|9 45612
|
| 852 |
|
|
|a Ayesha Abed Library
|c BIED Collection
|
| 942 |
|
|
|2 ddc
|c BK
|
| 952 |
|
|
|0 0
|1 0
|2 ddc
|4 0
|6 371_102000000000000_EXP
|7 0
|9 69737
|a BRACUL
|b BRACUL
|c GEN
|d 2022-02-09
|e Complimentary copy from BIED
|l 0
|o 371.102 EXP
|p 3010037637
|r 2022-02-09
|t 1
|w 2022-02-09
|y BK
|x Transferred from BIED to General Stacks
|